| 000 | 00350nam a2200145Ia 4500 | ||
|---|---|---|---|
| 008 | 150201s2008 xx 000 0 und d | ||
| 082 |
_a612.015 _bB08M |
||
| 100 | _aMALHOTRA, V.K. | ||
| 245 | _aBIOCHEMISTRY FOR STUDENTS | ||
| 250 | _a11TH | ||
| 260 |
_bJAYPEE BROTHERS _aDELHI _c2008 |
||
| 300 | _a1-392 | ||
| 650 | _aBIOCHEMISTRY | ||
| 942 |
_2ddc _cBK _024 |
||
| 999 |
_c38 _d38 |
||